| 000 | 01103cam a22003135a 4500 | ||
|---|---|---|---|
| 001 | 14717641 | ||
| 003 | OSt | ||
| 005 | 20170216091438.0 | ||
| 008 | 070130s2007 ohu 000 0 eng | ||
| 020 | _a9780324540529 (student ed.) | ||
| 020 | _a0324540523 (student ed.) | ||
| 020 | _a9780324359299 (student ed. with CD) | ||
| 020 | _a0324359292 (student ed. with CD) | ||
| 020 | _a9780324540512 (instructor's ed.) | ||
| 020 | _a0324540515 (instructor's ed.) | ||
| 020 | _a9780324641868 (instructor's ed. with CD) | ||
| 020 | _a0324641869 (instructor's ed. with CD) | ||
| 040 |
_aDLC _cDLC |
||
| 100 | 1 | _aBoone, Louis E. | |
| 245 | 1 | 0 |
_aContemporary marketing / _cLouis E. Boone, David L. Kurtz. |
| 250 | _a12th ed. | ||
| 260 |
_aMason, OH : _bThomson South-Western, _c2007. |
||
| 263 | _a0701 | ||
| 300 | _ap. cm. | ||
| 906 |
_a0 _bibc _corignew _d3 _eepcn _f20 _gy-gencatlg |
||
| 942 |
_2lcc _cBK |
||
| 999 |
_c255512 _d255511 |
||